[Event "Titled Tue 26th Aug Late"]
[Site "chess.com INT"]
[Date "2025.08.26"]
[Round "2"]
[White "Kulik, Nicolas"]
[Black "Liu, Zachary Hankun"]
[Result "0-1"]
[WhiteElo "2111"]
[BlackElo "1998"]
[WhiteFideId "3009530"]
[BlackFideId "2640287"]
[EventDate "2025.08.26"]

1. e4 c5 2. Nf3 d6 3. d4 cxd4 4. Nxd4 Nf6 5. Nc3 g6 6. Be3 Bg7 7. f3 O-O 8. Qd2
Nc6 9. O-O-O Nxd4 10. Bxd4 Be6 11. g4 Qa5 12. Kb1 Rfc8 13. a3 Rab8 14. h4 b5 15.
Bxf6 exf6 16. Nd5 Qd8 17. h5 a5 18. hxg6 hxg6 19. Bd3 b4 20. a4 Bd7 21. b3 Be6
22. Bc4 f5 23. gxf5 Bxd5 24. Qxd5 Qf6 25. e5 Qxf5 26. Qxd6 Bxe5 27. Qd5 Rd8 28.
Qxd8+ Rxd8 29. Rxd8+ Kg7 30. f4 Bf6 31. Rd3 Qxf4 32. Rd7 g5 33. Rxf7+ Kg6 34.
Rhh7 g4 35. Bd3+ Kg5 36. Rhg7+ Bxg7 37. Rxf4 Kxf4 38. Be2 g3 39. Bf1 Kf3 40. Bh3
Bc3 41. Kc1 g2 42. Bxg2+ Kxg2 43. Kd1 Kf3 44. Kc1 Ke3 45. Kd1 Kf2 46. Kc1 Ke2
47. Kb1 Kd2 48. Ka2 Bd4 49. Kb1 Ba7 50. Kb2 Bd4+ 51. Ka2 Kc3 52. Kb1 Be3 53. Ka1
Kxc2 54. Ka2 Bc1 55. Ka1 Kxb3 56. Kb1 Ba3 57. Ka1 Kxa4 58. Ka2 b3+ 59. Ka1 Kb4
60. Kb1 a4 61. Ka1 Kc3 62. Kb1 Bb4 63. Ka1 a3 64. Kb1 Bc5 65. Kc1 Be3+ 66. Kb1
Bc1 67. Ka1 Bb2+ 68. Kb1 a2# 0-1

[Event "Titled Tue 26th Aug Late"]
[Site "chess.com INT"]
[Date "2025.08.26"]
[Round "2"]
[White "Tureshbayev, Anuar"]
[Black "Clawitter, Craig"]
[Result "1-0"]
[WhiteTitle "CM"]
[WhiteElo "2214"]
[BlackElo "2050"]
[WhiteFideId "651081709"]
[BlackFideId "2023105"]
[EventDate "2025.08.26"]

1. Nf3 Nf6 2. e3 d5 3. b3 c5 4. Bb2 Nc6 5. Bb5 e6 6. O-O Bd6 7. d4 O-O 8. Nbd2
Bd7 9. Bxc6 bxc6 10. Ne5 cxd4 11. exd4 c5 12. dxc5 Bxc5 13. Nxd7 Nxd7 14. Nf3 a5
15. Ne5 a4 16. Qg4 Nf6 17. Qg3 a3 18. Bc3 Ne4 19. Qd3 Nxc3 20. Qxc3 Rc8 21. Qd3
f6 22. Nf3 e5 23. Qf5 Rc6 24. Rad1 Rd6 25. Rd2 Qc8 26. Nh4 Bb4 27. Rdd1 d4 28.
f4 Qxf5 29. Nxf5 Rc6 30. fxe5 fxe5 31. Rf2 Rcf6 32. Rdf1 Bc5 33. Kh1 d3 34. Rf3
dxc2 35. g4 e4 36. Rc3 Rc8 37. Rxc2 g6 38. Ne7+ 1-0

[Event "Titled Tue 26th Aug Late"]
[Site "chess.com INT"]
[Date "2025.08.26"]
[Round "2"]
[White "Tikhonov, Viacheslav"]
[Black "Paval, George"]
[Result "1-0"]
[WhiteTitle "CM"]
[WhiteElo "2183"]
[BlackElo "2139"]
[WhiteFideId "44196407"]
[BlackFideId "1214233"]
[EventDate "2025.08.26"]

1. e4 c6 2. d4 d5 3. Nc3 dxe4 4. Nxe4 Bf5 5. Ng3 Bg6 6. h4 h6 7. N1e2 Nd7 8. Nf4
Bh7 9. Bc4 e6 10. c3 Ngf6 11. Nfh5 Nxh5 12. Nxh5 Nf6 13. Bf4 Nxh5 14. Qxh5 Bg6
15. Qg4 h5 16. Qg3 Qf6 17. Be5 Qf5 18. O-O Be7 19. Rfd1 O-O 20. Bd3 Qg4 21. Qxg4
hxg4 22. Bxg6 fxg6 23. g3 Rad8 24. Re1 c5 25. Re4 cxd4 26. Bxd4 Rd5 27. Rxe6 Bc5
28. Bxc5 Rxc5 29. Rxg6 Rd5 30. Rxg4 Rd2 31. Rf1 Rxb2 32. Rb4 Rxa2 33. Rxb7 Rf3
34. Kg2 Rxc3 35. Re1 Kf8 36. Rd1 Rc8 37. Rdd7 a5 38. Rf7+ Kg8 39. Rxg7+ Kh8 40.
h5 Rcc2 41. Rgf7 Kg8 42. h6 1-0

[Event "Titled Tue 26th Aug Late"]
[Site "chess.com INT"]
[Date "2025.08.26"]
[Round "2"]
[White "Brilej, Jaka"]
[Black "Beulen, Marcel"]
[Result "1-0"]
[WhiteTitle "FM"]
[BlackTitle "FM"]
[WhiteElo "2334"]
[BlackElo "2359"]
[WhiteFideId "14618818"]
[BlackFideId "1001450"]
[EventDate "2025.08.26"]

1. c4 c6 2. Nf3 d5 3. g3 Nf6 4. Bg2 Bf5 5. O-O e6 6. Qb3 Qb6 7. d3 Nbd7 8. Qxb6
axb6 9. cxd5 exd5 10. Nc3 Be7 11. Nh4 Bg6 12. f4 d4 13. Nxg6 hxg6 14. Ne4 Nxe4
15. Bxe4 Nc5 16. Bd2 Nxe4 17. dxe4 O-O 18. Kg2 Rfd8 19. Kf3 Ra4 20. b3 Ra3 21.
Bc1 Ra5 22. a4 Rc5 23. Bd2 Rc2 24. Rfd1 f5 25. Rac1 Rxc1 26. Bxc1 Kf7 27. Bb2
Bc5 28. Rd3 Rd6 29. h3 Ke6 30. g4 Rd7 31. e3 fxe4+ 32. Kxe4 dxe3 33. Rxd7 Kxd7
34. Kf3 Bf8 35. Kxe3 Ke6 36. Ke4 b5 37. axb5 cxb5 38. Bd4 Kd6 39. Be3 Ke6 40.
Bf2 Kd6 41. Bd4 Ke6 42. Be5 g5 43. fxg5 g6 44. h4 Be7 45. Bf4 Bd8 46. h5 Be7 47.
h6 Bf8 48. Be5 Bd6 49. Bxd6 1-0

[Event "Titled Tue 26th Aug Late"]
[Site "chess.com INT"]
[Date "2025.08.26"]
[Round "2"]
[White "Ugarte Soto, Cesar"]
[Black "Sharankov, Grigory"]
[Result "0-1"]
[WhiteTitle "CM"]
[BlackTitle "CM"]
[WhiteElo "2088"]
[BlackElo "2238"]
[WhiteFideId "3601331"]
[BlackFideId "4168356"]
[EventDate "2025.08.26"]

1. d4 Nf6 2. Bg5 c5 3. Bxf6 gxf6 4. d5 Qb6 5. Qc1 f5 6. g3 Qh6 7. Qxh6 Bxh6 8.
e3 d6 9. Nd2 Rg8 10. Bh3 Na6 11. a3 Nc7 12. c4 Bd7 13. Ngf3 Bg7 14. O-O-O b5 15.
Nh4 e6 16. dxe6 fxe6 17. cxb5 Bxb5 18. Bf1 Rb8 19. Bxb5+ Nxb5 20. f4 Ke7 21.
Nhf3 Nc7 22. e4 Bxb2+ 23. Kc2 Bxa3 24. exf5 exf5 25. Rhe1+ Kf6 26. Nc4 Nb5 27.
Nxd6 Nd4+ 28. Nxd4 cxd4 29. Rxd4 Rb2+ 30. Kc3 Rgb8 31. Red1 R2b3+ 32. Kc4 R3b4+
33. Kd5 Rxd4+ 34. Rxd4 Rd8 35. Kc6 Bxd6 36. Rxd6+ Rxd6+ 37. Kxd6 Kg6 38. h3 h5
39. h4 Kf6 40. Kc6 Ke6 41. Kc5 a6 42. Kb6 Kd5 43. g4 fxg4 44. f5 Ke5 45. Kxa6
Kxf5 46. Kb5 g3 47. Kc4 g2 48. Kd3 g1=Q 49. Ke2 Qg4+ 0-1

[Event "Titled Tue 26th Aug Late"]
[Site "chess.com INT"]
[Date "2025.08.26"]
[Round "2"]
[White "Atakhan, Abtin"]
[Black "Gasparyan, David"]
[Result "0-1"]
[WhiteTitle "IM"]
[WhiteElo "2388"]
[BlackElo "2194"]
[WhiteFideId "22502203"]
[BlackFideId "13311980"]
[EventDate "2025.08.26"]

1. d4 Nf6 2. c4 e6 3. Nf3 d5 4. g3 Be7 5. Bg2 O-O 6. O-O dxc4 7. Qc2 a6 8. Qxc4
b5 9. Qc2 Bb7 10. Bd2 Be4 11. Qc1 Nbd7 12. Ba5 Nb6 13. Nbd2 Bb7 14. Re1 Rc8 15.
b4 Ne4 16. e3 Nxd2 17. Nxd2 Bxg2 18. Kxg2 Qd5+ 19. Kg1 e5 20. dxe5 Qxe5 21. Qc6
Nd5 22. a3 Rfd8 23. Nf3 Qh5 24. Kg2 Rd6 25. Qc2 Rf6 26. Qe4 Nc3 27. Qb7 Rf8 28.
h3 Qf5 29. Rf1 Nd5 30. Nd4 Qe4+ 31. Kg1 Rh6 32. Kh2 Rxh3+ 33. Kxh3 Nf4+ 34. exf4
Qxb7 35. Rac1 Qe4 36. Nc6 Bd6 37. Rc3 f5 38. Rfc1 Rf6 39. f3 Rh6+ 40. Kg2 Qe2+
41. Kg1 Rh2 42. R3c2 Rg2+ 43. Kh1 Qxc2 44. Rxc2 Rxc2 45. Nd4 Rc1+ 46. Kg2 g6 47.
g4 fxg4 48. fxg4 Bxf4 49. Ne2 Rc2 50. Kf3 Be5 51. Ke3 Ra2 52. Nc1 Rxa3+ 53. Ke4
Bd6 54. Nd3 Rc3 55. Kd4 Rc4+ 56. Kd5 Rxg4 57. Kc6 Rc4+ 58. Kb7 h5 59. Kxa6 Rc3
60. Nf2 h4 61. Kxb5 Re3 62. Ng4 Rf3 63. Kc6 h3 64. Bxc7 Bxc7 65. Kxc7 Rf4 66.
Nh2 Rxb4 67. Kd6 Rb2 0-1

[Event "Titled Tue 26th Aug Late"]
[Site "chess.com INT"]
[Date "2025.08.26"]
[Round "2"]
[White "Dessyn, Timothee"]
[Black "Pontes, Luiz Felizola Lima"]
[Result "1-0"]
[WhiteTitle "FM"]
[WhiteElo "2334"]
[BlackElo "1871"]
[WhiteFideId "651028859"]
[BlackFideId "44709919"]
[EventDate "2025.08.26"]

1. Nf3 d5 2. g3 Bg4 3. Bg2 Nf6 4. O-O c6 5. c4 Bxf3 6. Bxf3 e6 7. b3 Bd6 8. Bb2
Nbd7 9. d3 Be5 10. Qc2 O-O 11. Nd2 Rc8 12. Rac1 Qa5 13. d4 Bd6 14. c5 Bb8 15. e3
e5 16. b4 Qc7 17. a4 e4 18. Bg2 Rfe8 19. b5 Nf8 20. Qb3 Ne6 21. b6 axb6 22. cxb6
Qd7 23. a5 Ng5 24. h4 Nh3+ 25. Kh2 Ng4+ 26. Kxh3 Nxf2+ 27. Kh2 Qg4 28. Rxf2
Bxg3+ 29. Kg1 Bxf2+ 30. Kxf2 Qxh4+ 31. Kg1 Re6 32. Nf1 Rg6 33. Rc2 Qg5 34. a6
bxa6 35. b7 Rb8 36. Qb6 Qe7 37. Rxc6 Rxc6 38. Qxc6 Qxb7 39. Qxb7 Rxb7 40. Ba3 a5
41. Kf2 Rb3 42. Bc5 a4 43. Ke2 a3 44. Nd2 Rc3 45. Bb4 a2 46. Bxc3 a1=Q 47. Bxa1 1-0

[Event "Titled Tue 26th Aug Late"]
[Site "chess.com INT"]
[Date "2025.08.26"]
[Round "2"]
[White "Herbrig, Alexander"]
[Black "Arslanov, Shamil"]
[Result "0-1"]
[WhiteTitle "FM"]
[BlackTitle "IM"]
[WhiteElo "2292"]
[BlackElo "2410"]
[WhiteFideId "12952044"]
[BlackFideId "4192826"]
[EventDate "2025.08.26"]

1. d4 e5 2. dxe5 d6 3. exd6 Bxd6 4. Nf3 Nc6 5. Nc3 Bg4 6. h3 Bh5 7. Ne4 Bb4+ 8.
c3 Qe7 9. Ng3 Bxf3 10. gxf3 Bc5 11. Bf4 g5 12. Bd2 O-O-O 13. Qc2 Kb8 14. Ne4 f5
15. Bxg5 Qg7 16. Nxc5 Qxg5 17. Ne6 Qf6 18. Nxd8 Nxd8 19. O-O-O Ne7 20. f4 Ne6
21. e3 Nc5 22. Bg2 a6 23. Kb1 Nc8 24. Qd2 Nd6 25. Qd4 Qxd4 26. cxd4 Nce4 27.
Bxe4 Nxe4 28. Rh2 Rg8 29. f3 Nf6 30. Rdd2 Rg3 31. Rdf2 Nd5 32. e4 Nxf4 33. exf5
Rg5 34. Rf1 Rxf5 35. Kc2 Rg5 36. Kc3 c6 37. Re1 Ka7 38. Re4 Nd5+ 39. Kd2 Rg3 40.
Rf2 Rxh3 41. f4 Nf6 42. Re6 Ng4 43. Rf1 Rh2+ 44. Kc3 Rh3+ 45. Kc2 Rh2+ 46. Kb3
Rh3+ 47. Kb4 Ne3 48. Rf2 Nd5+ 49. Kc5 Nc7 50. Re7 Nd5 51. Rg7 Rh6 52. f5 a5 53.
a4 Ka6 54. Kc4 b6 55. Kd3 Rh3+ 56. Ke4 Re3# 0-1

[Event "Titled Tue 26th Aug Late"]
[Site "chess.com INT"]
[Date "2025.08.26"]
[Round "2"]
[White "Ruperez Benito, Antonio"]
[Black "Sarana, Alexey"]
[Result "1-0"]
[WhiteTitle "FM"]
[BlackTitle "GM"]
[WhiteElo "2328"]
[BlackElo "2691"]
[WhiteFideId "22245049"]
[BlackFideId "24133795"]
[EventDate "2025.08.26"]

1. e4 e5 2. Nf3 Nc6 3. Bc4 Bc5 4. d3 Nf6 5. O-O O-O 6. c3 d6 7. Bb3 h6 8. h3 Bb6
9. Nbd2 Ne7 10. Re1 Ng6 11. Nf1 c6 12. Ng3 Re8 13. d4 Be6 14. Bc2 Qc7 15. Be3
Rad8 16. Qd2 a5 17. Nf5 Bxf5 18. exf5 Nf8 19. Bxh6 gxh6 20. Qxh6 N8h7 21. Ng5 e4
22. Nxh7 Nxh7 23. f6 Nxf6 24. Qxf6 Re6 25. Qh4 d5 26. f3 f5 27. fxe4 fxe4 28.
Qg4+ Kf7 29. Rf1+ Ke7 30. Qg7+ Kd6 31. Rf7 Qe7 32. Rxe7 Rxe7 33. Qf6+ Kd7 34.
Bd1 Rg8 35. Bg4+ Ke8 36. Rf1 Bc7 37. Bh5+ Kd8 38. Qf5 Bg3 39. Bg4 Kc7 40. Qf6
Rgg7 41. Qf8 e3 42. Qc8+ Kb6 43. Be2 Bf2+ 44. Kh1 Rgf7 45. a4 Ka7 46. b4 axb4
47. cxb4 Rg7 48. b5 Rc7 49. Qf8 Rgf7 50. b6+ Kxb6 51. Qc5# 1-0

[Event "Titled Tue 26th Aug Late"]
[Site "chess.com INT"]
[Date "2025.08.26"]
[Round "2"]
[White "Vasynda, Oleksandr"]
[Black "Rustemov, Alexander"]
[Result "1-0"]
[WhiteTitle "FM"]
[BlackTitle "GM"]
[WhiteElo "2209"]
[BlackElo "2525"]
[WhiteFideId "14176297"]
[BlackFideId "4119002"]
[EventDate "2025.08.26"]

1. Nc3 d5 2. e4 d4 3. Nce2 e5 4. Ng3 Be6 5. Nf3 Nd7 6. c3 c5 7. Bb5 Bd6 8. b4 b6
9. bxc5 bxc5 10. Ba3 a6 11. Bxd7+ Qxd7 12. cxd4 cxd4 13. Bxd6 Qxd6 14. O-O Ne7
15. Qa4+ Bd7 16. Qa5 f6 17. Rfc1 O-O 18. Qc7 Qe6 19. Qc4 Rfc8 20. Qb3 Qxb3 21.
axb3 Bb5 22. Ne1 Kf7 23. Nf1 Nc6 24. Rc5 Ke7 25. Rac1 Kd7 26. f4 Bxf1 27. Kxf1
exf4 28. Nf3 d3 29. Rd5+ Ke7 30. Rxd3 Ne5 31. Rxc8 Rxc8 32. Rc3 Rxc3 33. dxc3 g5
34. Ke2 h5 35. Nd4 Kd6 36. h3 g4 37. hxg4 hxg4 38. Nf5+ Kc5 39. Ng7 f3+ 40. gxf3
gxf3+ 41. Ke3 f2 42. Kxf2 Nd3+ 43. Ke3 Nc1 44. Ne6+ Kd6 45. Nd4 Ke5 46. Nf3+ Kd6
47. Nd2 Ke5 48. Nc4+ Ke6 49. Na5 Ke5 50. Kd2 Nxb3+ 51. Nxb3 Kxe4 52. Nc5+ Kf3
53. Nxa6 f5 54. c4 f4 55. Nb4 Ke4 56. Kc3 Kf5 57. Nd3 f3 58. c5 Ke6 59. Kd4 Kd7
60. Ke3 Kc7 61. Kxf3 1-0

[Event "Titled Tue 26th Aug Late"]
[Site "chess.com INT"]
[Date "2025.08.26"]
[Round "2"]
[White "Storey, Charles H"]
[Black "Aalto, Patrik"]
[Result "1-0"]
[WhiteTitle "FM"]
[BlackTitle "FM"]
[WhiteElo "2095"]
[BlackElo "2335"]
[WhiteFideId "406686"]
[BlackFideId "510726"]
[EventDate "2025.08.26"]

1. c4 Nf6 2. g3 e6 3. Bg2 d5 4. Nf3 d4 5. b4 a5 6. b5 Bc5 7. d3 O-O 8. Ba3 Qd6
9. Bxc5 Qxc5 10. a4 e5 11. Nbd2 Nbd7 12. Qb3 Qe7 13. Qa3 Re8 14. Qxe7 Rxe7 15.
Ng5 Rb8 16. Bh3 Nc5 17. Bxc8 Rxc8 18. f3 b6 19. Nge4 Nfxe4 20. Nxe4 f5 21. Nxc5
bxc5 22. Kd2 e4 23. Rhg1 Rce8 24. Rg2 exf3 25. exf3 Re3 26. Rf2 R8e6 27. Rb1 Kf7
28. h3 g5 29. g4 Kg6 30. Rh1 h5 31. gxf5+ Kxf5 32. h4 Rg6 33. hxg5 Kxg5 34. Rfh2
Rh6 35. Rg2+ Kf5 36. Rg7 Rxf3 37. Rf7+ Rf6 38. Rxh5+ Kg4 39. Rxf6 Rxf6 40. Rxc5
Rf2+ 41. Kc1 Ra2 42. Rxc7 Rxa4 43. b6 Rb4 44. c5 a4 45. Ra7 Kf3 46. b7 Ke3 47.
c6 Kxd3 48. c7 Rc4+ 49. Kb2 Rb4+ 50. Ka3 1-0

[Event "Titled Tue 26th Aug Late"]
[Site "chess.com INT"]
[Date "2025.08.26"]
[Round "2"]
[White "Bardyk, Artem"]
[Black "Janaszak, Dawid"]
[Result "1-0"]
[WhiteTitle "FM"]
[BlackTitle "FM"]
[WhiteElo "2332"]
[BlackElo "2306"]
[WhiteFideId "34349979"]
[BlackFideId "1119206"]
[EventDate "2025.08.26"]

1. e4 e6 2. d4 d5 3. Nc3 Bb4 4. Ne2 dxe4 5. a3 Be7 6. Nxe4 Nf6 7. Nxf6+ Bxf6 8.
Be3 c5 9. dxc5 Qxd1+ 10. Rxd1 Bxb2 11. Rb1 Bf6 12. g4 Nc6 13. Bg2 O-O 14. g5 Be7
15. h4 e5 16. Nc3 Nd4 17. Bxd4 exd4 18. Ne4 Rb8 19. O-O Bf5 20. Rfd1 Bxe4 21.
Bxe4 Bxc5 22. Bxb7 Rfd8 23. a4 a5 24. Rb5 Bb4 25. Kg2 Kf8 26. Rd3 Bc3 27. Rf3
Rd6 28. Rd5 Rbd8 29. Rff5 g6 30. Rxd6 Rxd6 31. Rc5 Bb4 32. Rc8+ Ke7 33. Be4 Re6
34. Bd3 f6 35. Rc7+ Kd6 36. Rxh7 fxg5 37. hxg5 Ke5 38. Kf3 Be7 39. Kg4 Kd6 40.
Rg7 Kc5 41. Rxg6 Re1 42. f4 Re3 43. Kf5 Kb4 44. Re6 Kxa4 45. g6 Bf8 46. Rf6 Bg7
47. Rf7 Bh6 48. Rh7 Bf8 49. g7 Bxg7 50. Rxg7 Kb4 51. Rb7+ Kc3 52. Rc7+ Kb4 53.
Rc4+ Kb5 54. Rxd4+ Kc5 55. Re4 Rf3 56. Ke6 Rf2 57. f5 a4 58. Rxa4 Rh2 59. f6 1-0

[Event "Titled Tue 26th Aug Late"]
[Site "chess.com INT"]
[Date "2025.08.26"]
[Round "2"]
[White "Hua, Lefong"]
[Black "Adewumi, Tanitoluwa"]
[Result "1/2-1/2"]
[WhiteTitle "FM"]
[BlackTitle "IM"]
[WhiteElo "2305"]
[BlackElo "2421"]
[WhiteFideId "2602253"]
[BlackFideId "30966396"]
[EventDate "2025.08.26"]

1. d4 Nf6 2. c4 e6 3. Nc3 Bb4 4. f3 d5 5. a3 Be7 6. e4 dxe4 7. fxe4 c5 8. d5
exd5 9. exd5 O-O 10. Nf3 Bg4 11. Be2 Bd6 12. O-O Nbd7 13. h3 Bxf3 14. Bxf3 a6
15. a4 Ne5 16. b3 Qe7 17. Bg5 h6 18. Bxf6 Qxf6 19. Ne4 Qg6 20. Nxd6 Qxd6 21. Qd2
a5 22. Rae1 b6 23. Be4 Rae8 24. Bc2 Nd7 25. Qd3 g6 26. Qd2 Kg7 27. Qc3+ Kg8 28.
Qd2 Kh7 29. Rxe8 Rxe8 30. Rxf7+ Kg8 31. Bxg6 Ne5 32. Rg7+ Kxg7 33. Bxe8 Qf8 34.
Bh5 Qf5 35. Be2 Qf6 36. d6 Nc6 37. d7 Nd4 38. Bg4 Qe7 39. Qf2 h5 40. Bxh5 Qxd7
41. Qf4 Qe7 42. Bg4 Nxb3 43. Kh2 Nd4 44. Qg3 Kh8 45. Qb8+ Kg7 46. Qf4 Kh7 47.
Qg3 Kh8 48. h4 Kh7 49. Kh3 Kh6 50. Qf4+ Kg7 51. g3 Qe1 52. Qg5+ Kf8 53. Qd8+ Kg7
54. Qd7+ Kg8 55. Qc8+ Kg7 56. Qb7+ Kg8 57. Qb8+ Kg7 58. Qc7+ Kg8 59. Qd8+ Kg7
60. Qd7+ Kg8 61. Qc8+ Kg7 62. Qb7+ Kg8 63. Qb8+ Kg7 64. Qb7+ 1/2-1/2

[Event "Titled Tue 26th Aug Late"]
[Site "chess.com INT"]
[Date "2025.08.26"]
[Round "2"]
[White "Shafer, Logan C"]
[Black "Drygalov, Andrey"]
[Result "0-1"]
[WhiteTitle "CM"]
[BlackTitle "GM"]
[WhiteElo "2234"]
[BlackElo "2431"]
[WhiteFideId "30993342"]
[BlackFideId "24171735"]
[EventDate "2025.08.26"]

1. e4 c5 2. Nf3 d6 3. Bb5+ Nd7 4. O-O a6 5. Bxd7+ Bxd7 6. c3 Nf6 7. Re1 Bc6 8.
d4 cxd4 9. cxd4 Bxe4 10. Bg5 d5 11. Nc3 e6 12. Nxe4 dxe4 13. Rxe4 Be7 14. Bxf6
Bxf6 15. d5 O-O 16. dxe6 fxe6 17. Qe2 Qb6 18. Rb1 Rfe8 19. h3 Rac8 20. b3 Qc6
21. Re1 h6 22. Ne5 Qc2 23. Ng4 Qxe2 24. R4xe2 Kf7 25. Nxf6 gxf6 26. Rd2 Red8 27.
Red1 Rxd2 28. Rxd2 Ke7 29. f4 Rc3 30. Kf2 h5 31. g3 h4 32. gxh4 Rxh3 33. Rd4
Rxh4 34. Rb4 b5 35. a4 Rh5 36. axb5 axb5 37. Rd4 Rc5 38. Rd3 Rc6 39. Rd4 Rc3 40.
Rb4 Rc5 41. Rd4 Kf7 42. Rd3 Kg6 43. Kf3 Kf5 44. Kg3 b4 45. Rd4 Rc3+ 46. Kf2 Rxb3
47. Rc4 Kg4 48. Re4 Rf3+ 49. Ke2 Rxf4 50. Rxe6 f5 51. Rb6 Re4+ 52. Kf2 Kf4 53.
Rb8 Rc4 54. Rf8 Rc2+ 55. Kg1 b3 56. Rb8 b2 57. Rb4+ Kg5 58. Rb3 Rc1+ 59. Kh2
b1=Q 60. Rg3+ Kf6 61. Rg2 Rh1+ 62. Kg3 Qe1+ 63. Kf3 Qe4+ 64. Kf2 Re1 65. Kg3
Qg4+ 66. Kh2 Qh4# 0-1

[Event "Titled Tue 26th Aug Late"]
[Site "chess.com INT"]
[Date "2025.08.26"]
[Round "2"]
[White "Haarh, Simon Bjork"]
[Black "Azamikia, Mehran"]
[Result "1-0"]
[WhiteTitle "CM"]
[BlackTitle "CM"]
[WhiteElo "2195"]
[BlackElo "2130"]
[WhiteFideId "1470515"]
[BlackFideId "12502502"]
[EventDate "2025.08.26"]

1. e4 e5 2. Nf3 Nc6 3. Bb5 a6 4. Ba4 Nf6 5. O-O Be7 6. Re1 b5 7. Bb3 O-O 8. c3
d5 9. exd5 e4 10. dxc6 exf3 11. d4 Bg4 12. Bf4 Nh5 13. Bg3 Kh8 14. Nd2 f5 15.
gxf3 Bh3 16. f4 Nf6 17. Nf3 Ne4 18. Ne5 Bd6 19. Qh5 Bxe5 20. Qxh3 Bd6 21. Bd5
Nf6 22. Bf3 g6 23. Re6 Rf7 24. Rae1 Qf8 25. Qf1 a5 26. Qxb5 Ne4 27. Bxe4 fxe4
28. R6xe4 Rb8 29. Qe2 Qg7 30. Re8+ Rxe8 31. Qxe8+ Rf8 32. Qe6 a4 33. a3 Rf6 34.
Qe8+ Rf8 35. Qd7 Qf6 36. Qe6 Qg7 37. Qe4 h5 38. h4 Kh7 39. c4 Qf7 40. c5 Bxf4
41. Bxf4 Qxf4 42. Qxf4 Rxf4 43. Re7+ Kh6 44. Rxc7 Rxd4 45. Rb7 Rg4+ 46. Kf1 Rc4
47. Rb5 Re4 48. c7 Re8 49. Rb8 Re7 50. c8=Q Rh7 51. Qf8+ Rg7 52. Qxg7+ Kxg7 53.
c6 g5 54. hxg5 h4 55. c7 Kg6 56. c8=Q Kxg5 57. Qh3 Kf4 58. Rb4+ Ke5 59. Qxh4 Kd6
60. Qf6+ Kc7 61. Rc4+ Kd7 62. Rd4+ Kc7 63. Qd6+ Kb7 64. Rb4+ Ka8 65. Qa6# 1-0

[Event "Titled Tue 26th Aug Late"]
[Site "chess.com INT"]
[Date "2025.08.26"]
[Round "2"]
[White "Sarkar, Justin"]
[Black "Wang, Jeffery"]
[Result "1-0"]
[WhiteTitle "IM"]
[BlackTitle "CM"]
[WhiteElo "2286"]
[BlackElo "2112"]
[WhiteFideId "2010011"]
[BlackFideId "30956412"]
[EventDate "2025.08.26"]

1. d4 Nf6 2. Bg5 d5 3. c3 e6 4. Nd2 Be7 5. Ngf3 Nbd7 6. e3 b6 7. Bb5 Bb7 8. Ne5
O-O 9. Nc6 Qe8 10. Nxe7+ Qxe7 11. Bxd7 Qxd7 12. Bxf6 gxf6 13. O-O Kh8 14. Qf3
Qe7 15. Qf4 Ba6 16. Rfe1 e5 17. Qh4 e4 18. f3 exf3 19. Nxf3 Rg8 20. e4 dxe4 21.
Rxe4 Qd6 22. Rae1 Bb7 23. Rf4 Rg6 24. Kf2 Rag8 25. g3 Qc6 26. Re7 Qc4 27. Rxf6
Rg4 28. Qh5 Qxa2 29. Rfxf7 Qxb2+ 30. Re2 Qb1 31. Ree7 Qc2+ 32. Re2 Qg6 33. Qxg6
R4xg6 34. Rxc7 Bxf3 35. Kxf3 Rf8+ 36. Kg2 Rgf6 37. Ree7 Rf2+ 38. Kh3 Rd8 39.
Rxh7+ Kg8 40. Rcg7+ Kf8 41. Rxa7 Kg8 42. Rag7+ Kf8 43. Rh8+ Kxg7 44. Rxd8 Rc2
45. Rb8 b5 46. Rxb5 Rxc3 47. d5 Rd3 48. Rc5 Kg6 49. Kh4 Rd4+ 50. g4 Rd2 51. h3
Rd3 52. Rc6+ Kg7 53. d6 Rd5 54. Rc7+ Kg6 55. d7 Rd4 56. Ra7 Rd5 57. Kg3 Rd3+ 58.
Kf4 Rd4+ 59. Ke5 Rd1 60. Ke6 Re1+ 61. Kd6 Rd1+ 62. Ke7 Kg5 63. Kd8 Kh4 64. Kc8
Kxh3 65. d8=Q Rxd8+ 66. Kxd8 Kxg4 67. Rf7 Kg5 68. Ke7 Kg6 69. Ke6 Kg5 70. Ke5
Kg4 71. Rg7+ Kh5 72. Kf5 Kh6 73. Rf7 Kh5 74. Rh7# 1-0

[Event "Titled Tue 26th Aug Late"]
[Site "chess.com INT"]
[Date "2025.08.26"]
[Round "2"]
[White "Andreikin, Dmitry"]
[Black "Leiva, Gianmarco"]
[Result "1/2-1/2"]
[WhiteTitle "GM"]
[BlackTitle "IM"]
[WhiteElo "2695"]
[BlackElo "2379"]
[WhiteFideId "4158814"]
[BlackFideId "3804399"]
[EventDate "2025.08.26"]

1. d4 d5 2. c4 e6 3. Nc3 a6 4. cxd5 exd5 5. Nf3 c6 6. Qb3 Nf6 7. Bf4 Be7 8. e3
O-O 9. Bd3 Nbd7 10. O-O Nh5 11. Be5 Nxe5 12. Nxe5 Nf6 13. f4 c5 14. Be2 c4 15.
Qc2 b5 16. Bf3 Bb7 17. g4 Ne8 18. g5 f6 19. gxf6 gxf6 20. Ng4 Kh8 21. Kh1 b4 22.
Ne2 Nd6 23. Rg1 Qd7 24. Ng3 f5 25. Ne5 Qe6 26. Qg2 Rg8 27. Qh3 Qf6 28. Nh5 Qe6
29. Ng3 Qf6 30. Nd7 Qh4 31. Qxh4 Bxh4 32. Nh5 Bf2 33. Rxg8+ Rxg8 34. Ndf6 Rf8
35. Bxd5 Bxe3 36. Bxb7 Nxb7 37. Nd7 Rd8 38. Ne5 c3 39. Nf7+ Kg8 40. Nxd8 Nxd8
41. bxc3 bxc3 42. Nf6+ Kf7 43. Nd5 Bd2 44. Nb4 Ne6 45. Nc2 Nxf4 46. Rb1 Ke6 47.
d5+ Kxd5 48. Rb4 Nd3 49. Rd4+ Ke5 50. Rxd3 Ke4 51. Rh3 f4 52. Kg2 Be3 53. Rxh7
Kd3 54. Nb4+ Ke2 55. Rc7 f3+ 56. Kg3 Bf4+ 57. Kxf4 f2 58. Re7+ Kd2 59. Rd7+ Ke2
60. Re7+ Kd2 61. Rd7+ Ke2 62. Re7+ 1/2-1/2

[Event "Titled Tue 26th Aug Late"]
[Site "chess.com INT"]
[Date "2025.08.26"]
[Round "2"]
[White "Mikhalsky, Vladimir"]
[Black "Harriott, Tyrell"]
[Result "1-0"]
[WhiteElo "2219"]
[BlackElo "1933"]
[WhiteFideId "14144352"]
[BlackFideId "2086484"]
[EventDate "2025.08.26"]

1. d4 d5 2. Nc3 f5 3. h4 e6 4. Nf3 Bd6 5. h5 Nf6 6. h6 g6 7. Bg5 O-O 8. e3 c6 9.
Ne5 Qb6 10. Na4 Qa5+ 11. c3 Nbd7 12. Bf4 Be7 13. b4 Qd8 14. Nc5 Nxe5 15. Bxe5
Ne4 16. Qc2 Bd6 17. Bxd6 Nxd6 18. Nd3 Nf7 19. Nf4 e5 20. Nd3 e4 21. Nf4 g5 22.
Nh5 Nxh6 23. Be2 f4 24. a4 Qd6 25. Qb3 Bg4 26. c4 f3 27. gxf3 Bxf3 28. Rg1 g4
29. Nf4 Rxf4 30. exf4 Kh8 31. cxd5 cxd5 32. Bxf3 gxf3 33. O-O-O Nf5 34. Kb2 Rd8
35. Rg4 Qf6 36. Qc3 a6 37. Ka2 Nd6 38. Rdg1 Nc4 39. Qc1 b5 40. f5 Qxd4 41. Qa1
Qxa1+ 42. Kxa1 d4 43. f6 Ne5 44. Rxe4 Ng6 45. f7 Kg7 46. Re7 Kf8 47. Rb7 d3 48.
Rd1 d2 49. axb5 Ne5 50. bxa6 Nc4 51. a7 Kg7 52. Rb8 Rd3 53. a8=Q Ra3+ 54. Qxa3
Nxa3 55. Rxd2 Kxf7 56. Rd3 Nc4 57. Rxf3+ Kg6 58. Rc3 Nd2 59. Rb6+ Kg5 60. Rd6 1-0